Comedias y entremeses [cervantes saavedra]. tomo 4 /

Guardado en:
Autor Principal: Cervantes Saavedra, Miguel De
Formato: Libro
Publicado: Madrid : Imp.rodriguez, 1915
Materias:
Etiquetas: Agregar Etiqueta
Sin Etiquetas, Sea el primero en etiquetar este registro!
LEADER 00508nam a22001455a 4500
001 EHU.bham017828
003 AR-BHAM
005 20101025162546.0
008 130507s1915##################000#0#####d
082 8 6 |a 862.3 
100 1 |a Cervantes Saavedra, Miguel De 
245 1 0 |a Comedias y entremeses [cervantes saavedra]. tomo 4 /  |c Miguel De Cervantes Saavedra 
260 |a Madrid :  |b Imp.rodriguez,  |c 1915 
653 |a Teatro espaÑol-1517-1700 
859 |a AR-BHAM  |b BIB. HUMANIDADES - Arturo Marasso  |h 862.3  |i C337  |p 3042.57  |t Ej.1  |v IV M  |3 IV